=LDR 00000nam 2200000 4500 =001 INLIS000000000058786 =005 20211011020411 =035 ##$$a 0010-1021000234 =007 ta =008 211011###########################0###### =020 ##$$a 978-623-6087-19-0 =082 ##$$a 899.221 3 =084 ##$$a 899.221 3 Ros m =245 1#$$a Matia peyejuk hati =250 ##$$a Cet. 1 =300 ##$$a 471 halaman ; $c 21 em =600 #4$$a Fiksi - Indonesia =264 ##$$a Selagalas :$b Novelindo Publishing,$c 2021 =336 ##$$a Teks$2 rdacontent =337 ##$$a Buku$2 rdamedia =338 ##$$a Lain - lain$2 rdacarrier =990 ##$$a 17531753 =990 ##$$a 199/50/2021 =990 ##$$a 199/50/2021